<?xml version="1.0" encoding="UTF-8"?>
<record
    xmlns:xsi="http://www.w3.org/2001/XMLSchema-instance"
    xsi:schemaLocation="http://www.loc.gov/MARC21/slim http://www.loc.gov/standards/marcxml/schema/MARC21slim.xsd"
    xmlns="http://www.loc.gov/MARC21/slim">

  <leader>01128nam a22001337a 4500</leader>
  <datafield tag="999" ind1=" " ind2=" ">
    <subfield code="c">533249</subfield>
    <subfield code="d">533249</subfield>
  </datafield>
  <controlfield tag="008">260505b           ||||| |||| 00| 0 eng d</controlfield>
  <datafield tag="100" ind1=" " ind2=" ">
    <subfield code="a"> Korada, Pavan and  Sen, Raj Shekhar</subfield>
    <subfield code="9">60371</subfield>
  </datafield>
  <datafield tag="245" ind1=" " ind2=" ">
    <subfield code="a">What does intelligence excuse?: Chomsky, Epstein, and the &#x2018;necessary illusions&#x2019; of the intellectual class</subfield>
  </datafield>
  <datafield tag="260" ind1=" " ind2=" ">
    <subfield code="a">Economic &amp; Political Weekly </subfield>
  </datafield>
  <datafield tag="300" ind1=" " ind2=" ">
    <subfield code="a">61(16), Apr 18, 2026: p.13-17</subfield>
  </datafield>
  <datafield tag="520" ind1=" " ind2=" ">
    <subfield code="a">Noam Chomsky&#x2019;s repeated ties to Jeffrey Epstein challenge his moral authority. Chomsky&#x2019;s defence&#x2014;which relies on legal formalism and a &#x201C;clean slate&#x201D;&#x2014;contradicts his lifelong critique of systemic power. He fails to recognise the political nature of private predation due to a Cartesian rationalism that privileges abstract intellect over embodied suffering. The article proposes a &#x201C;resource extraction&#x201D; model for Chomsky&#x2019;s legacy: retain his analytical tools but reject the intellectual bewitchment shielding the powerful from accountability. &#x2013;Reproduced 

https://www.epw.in/journal/2026/16/commentary/what-does-intelligence-excuse.html
</subfield>
  </datafield>
  <datafield tag="773" ind1=" " ind2=" ">
    <subfield code="a">Economic &amp; Political Weekly </subfield>
  </datafield>
  <datafield tag="942" ind1=" " ind2=" ">
    <subfield code="c">AR</subfield>
  </datafield>
  <datafield tag="952" ind1=" " ind2=" ">
    <subfield code="0">0</subfield>
    <subfield code="1">0</subfield>
    <subfield code="2">ddc</subfield>
    <subfield code="4">0</subfield>
    <subfield code="7">0</subfield>
    <subfield code="9">408419</subfield>
    <subfield code="a">IIPA</subfield>
    <subfield code="b">IIPA</subfield>
    <subfield code="d">2026-05-05</subfield>
    <subfield code="h">61(16), Apr 18, 2026: p.13-17</subfield>
    <subfield code="p">AR138761</subfield>
    <subfield code="r">2026-05-05</subfield>
    <subfield code="y">AR</subfield>
  </datafield>
</record>
